<?xml version="1.0" encoding="UTF-8"?>
<record
    xmlns:xsi="http://www.w3.org/2001/XMLSchema-instance"
    xsi:schemaLocation="http://www.loc.gov/MARC21/slim http://www.loc.gov/standards/marcxml/schema/MARC21slim.xsd"
    xmlns="http://www.loc.gov/MARC21/slim">

  <leader>00886nam a22001817a 4500</leader>
  <datafield tag="999" ind1=" " ind2=" ">
    <subfield code="c">7803</subfield>
    <subfield code="d">7803</subfield>
  </datafield>
  <controlfield tag="008">231025b           ||||| |||| 00| 0 eng d</controlfield>
  <datafield tag="040" ind1=" " ind2=" ">
    <subfield code="a">CDMR</subfield>
  </datafield>
  <datafield tag="110" ind1=" " ind2=" ">
    <subfield code="9">4898</subfield>
    <subfield code="a">ACAF Associaci&#xF3; Colomenca d'Aficionats a la Fotografia</subfield>
  </datafield>
  <datafield tag="245" ind1=" " ind2=" ">
    <subfield code="a">Homenaje a W. Eugene Smith </subfield>
    <subfield code="b">: proyecto colectivo </subfield>
    <subfield code="c">/ [ACAF LIFE presenta]</subfield>
  </datafield>
  <datafield tag="260" ind1=" " ind2=" ">
    <subfield code="a">Santa Coloma de Gramenet </subfield>
    <subfield code="b">: ACAF, </subfield>
    <subfield code="c">2020</subfield>
  </datafield>
  <datafield tag="300" ind1=" " ind2=" ">
    <subfield code="a">35 p. </subfield>
    <subfield code="b">: principalment fotografies en blanc i negre</subfield>
    <subfield code="c">; 32 cm</subfield>
  </datafield>
  <datafield tag="505" ind1=" " ind2=" ">
    <subfield code="a">Recull de fotografies fetes per membres de l'ACAF (de la qual forma part en Joan Guerrero) inspirant-se en l'estil del fotoperiodista nord-americ&#xE0; W. Eugene Smith</subfield>
  </datafield>
  <datafield tag="600" ind1=" " ind2="0">
    <subfield code="9">4899</subfield>
    <subfield code="a">Smith, W. Eugene</subfield>
  </datafield>
  <datafield tag="650" ind1=" " ind2="0">
    <subfield code="9">3679</subfield>
    <subfield code="a">Fotoperiodisme</subfield>
    <subfield code="z">Catalunya</subfield>
    <subfield code="y">2020</subfield>
  </datafield>
  <datafield tag="700" ind1="1" ind2=" ">
    <subfield code="9">490</subfield>
    <subfield code="a">Guerrero, Joan</subfield>
  </datafield>
  <datafield tag="856" ind1=" " ind2=" ">
    <subfield code="u">https://www.acafsantacoloma.es/noticias/revista-acaf-life-proyecto-w-eugene-smith/</subfield>
    <subfield code="y">Acc&#xE9;s en l&#xED;nia</subfield>
  </datafield>
  <datafield tag="942" ind1=" " ind2=" ">
    <subfield code="2">udc</subfield>
    <subfield code="c">FULLET</subfield>
  </datafield>
  <datafield tag="952" ind1=" " ind2=" ">
    <subfield code="0">0</subfield>
    <subfield code="1">0</subfield>
    <subfield code="2">udc</subfield>
    <subfield code="4">0</subfield>
    <subfield code="7">0</subfield>
    <subfield code="a">CDMR</subfield>
    <subfield code="b">CDMR</subfield>
    <subfield code="d">2023-10-25</subfield>
    <subfield code="e">Donaci&#xF3;</subfield>
    <subfield code="l">0</subfield>
    <subfield code="o">Ar /59</subfield>
    <subfield code="p">CDMR23100024</subfield>
    <subfield code="r">2023-10-25</subfield>
    <subfield code="w">2023-10-25</subfield>
    <subfield code="y">FULLET</subfield>
  </datafield>
</record>
